00417nam a2200109Ia 4500008004100000020001800041245004700059260002200106650001200128650012300140856004400263171212s9999 xx 000 0 und d a9781925021158 aTajikistanbA Political and Social History bANU E Pressc2013 aHistory aTajikistan -- Politics and government -- 1991-; Tajikistan -- Social conditions; Tajikistan -- Social life and customs uhttp://www.jstor.org/stable/j.ctt5hgxx8